000 00902cam a2200325 4500500
005 20260405003201.0
041 _afre
042 _adc
100 1 0 _aLegros, Martin
_eauthor
245 0 0 _aMarcel Gauchet-François Héran : la liberté d’expression a-t-elle des limites ?
260 _c2020.
500 _a57
690 _ablasphème
690 _aCaricature
690 _aCharlie Hebdo
690 _aConflit
690 _aDroit
690 _aÉtat
690 _aFrançois Héran
690 _aIslam
690 _aIslamisme
690 _aLaïcité
690 _aLoi
690 _aMarcel Gauchet
690 _aNuance
690 _aReligion
690 _aSamuel Paty
786 0 _nPhilosophie magazine | 145 | 1 | 2020-12-01 | p. 44-49 | 1951-1787
856 4 1 _uhttps://shs.cairn.info/magazine-philosophie-magazine-2020-12-1-page-44?lang=fr&redirect-ssocas=7080
999 _c2065124
_d2065124